[Event "Muenster Bezirksliga 0607"]
[Site "Germany"]
[Date "2006.11.25"]
[Round "3.24"]
[White "Hilderscheid, Georg"]
[Black "Gerke, Matthias"]
[Result "0-1"]
[WhiteElo "1556"]
[BlackElo "1695"]
[PlyCount "130"]
[EventDate "2006.09.16"]
[EventType "team"]
[EventRounds "9"]
[EventCountry "GER"]
[SourceTitle "EXT 2008"]
[Source "ChessBase"]
[SourceDate "2007.11.25"]
[SourceVersion "1"]
[SourceVersionDate "2007.11.25"]
[SourceQuality "1"]
[WhiteTeam "Nienberge II"]
[BlackTeam "Telgte II"]
[WhiteTeamCountry "GER"]
[BlackTeamCountry "GER"]

1. e4 c5 2. Nf3 Nc6 3. d4 cxd4 4. Nxd4 Nf6 5. Nxc6 bxc6 6. Bd3 e6 7. Bg5 Be7 8. Nd2 d5 9. exd5 cxd5 10. c3 Rb8 11. Rb1 0-0 12. 0-0 h6 13. Bh4 Bb7 14. Nf3 Qc7 15. Re1 Rfe8 16. Bc2 Nd7 17. Qd3 g6 18. Bxe7 Rxe7 19. h4 Nf6 20. a3 e5 21. Qd2 Kg7 22. Re2 Ba6 23. Ree1 Rb6 24. Bd1 Qb8 25. a4 Bc8 26. b4 Rc6 27. Bb3 Qc7 28. Rec1 Ne4 29. Qb2 Nxc3 30. Kh1 d4 31. Nd2 Bf5 32. f3 a6 33. Ne4 Bxe4 34. fxe4 Qb7 35. Bc2 Rb6 36. b5 axb5 37. axb5 Rxb5 38. Qa3 Qa7 39. Qd6 Qd7 40. Qa6 Qg4 41. Bd3 Qxh4+ 42. Kg1 Rb2 43. Rf1 Qg4 44. Qf6+ Kg8 45. Rf2 Rxf2 46. Kxf2 Qg5 47. Qxg5 hxg5 48. Ra1 f5 49. exf5 gxf5 50. Bxf5 Rf7 51. g4 e4 52. Ke1 Kg7 53. Ra6 Rf6 54. Ra7+ Kf8 55. Ra1 Ke7 56. Ra7+ Kd6 57. Rg7 Ke5 58. Rxg5 Kf4 59. Rh5 d3 60. Kd2 Rc6 61. Rh1 Nd5 62. Rf1+ Ke5 63. Rc1 Rh6 64. Re1 Rh2+ 65. Kd1 Nc3+ 0-1

[Event "Muensterland Verbandsklasse-A 0405"]
[Site "Muensterland"]
[Date "2005.01.22"]
[Round "5.8"]
[White "Reichstein, Michael"]
[Black "Hilderscheid, Georg"]
[Result "1-0"]
[WhiteElo "1826"]
[BlackElo "1565"]
[PlyCount "51"]
[EventDate "2004.09.11"]
[EventType "team"]
[EventRounds "9"]
[EventCountry "GER"]
[SourceTitle "EXT 2006"]
[Source "ChessBase"]
[SourceDate "2005.11.24"]
[SourceVersion "1"]
[SourceVersionDate "2005.11.24"]
[SourceQuality "1"]
[WhiteTeam "Sendenhorst"]
[BlackTeam "Nienberge"]
[WhiteTeamCountry "GER"]
[BlackTeamCountry "GER"]

1. e4 e5 2. Nf3 d6 3. d4 exd4 4. Nxd4 Be7 5. Nc3 Bd7 6. Bc4 Nf6 7. 0-0 0-0 8. h3 Nc6 9. Re1 Qc8 10. Bf4 Nxd4 11. Qxd4 Be6 12. Bxe6 fxe6 13. e5 dxe5 14. Bxe5 Qd8 15. Qe3 Nd5 16. Qg3 g6 17. Rad1 Bh4 18. Qg4 Bxf2+ 19. Kh1 Bxe1 20. Qxe6+ Rf7 21. Nxd5 Bh4 22. Nf6+ Bxf6 23. Rxd8+ Bxd8 24. Qe8+ Rf8 25. Qb5 c6 26. Qxb7 1-0